[Event "GER-ch 75th"]
[Site "Hoeckendorf"]
[Date "2004.02.05"]
[Round "7"]
[White "Luther, Thomas"]
[Black "Espig, Lutz"]
[Result "1-0"]
[WhiteElo "2572"]
[BlackElo "2429"]
[EventDate "2004.01.30"]
[PlyCount "91"]

1. e4 c5 2. Nf3 e6 3. d4 cxd4 4. Nxd4 a6 5. c4 Nf6 6. Nc3 d6 7. Be2 Be7 8. Be3 O-O 9. O-O Qc7 10. Qd2 b6 11. Rfc1 Bb7 12. f3 Nbd7 13. Kh1 Rac8 14. Rab1 Qb8 15. b4 Rfe8 16. Bg1 Bd8 17. Na4 Qa8 18. Bf1 Bc7 19. Nb2 Ne5 20. Nd3 Nxd3 21. Qxd3 Nd7 22. Qb3 Ne5 23. a3 Nc6 24. Nxc6 Bxc6 25. Bd4 Bd7 26. Qb2 e5 27. Be3 Be6 28. Bd3 Bd8 29. Qe2 a5 30. c5 dxc5 31. bxc5 bxc5 32. Ba6 Rc7 33. Bb5 Rf8 34. Rxc5 f6 35. Bc4 Bf7 36. Qa2 Qa6 37. Bxf7+ Rcxf7 38. Rd5 Be7 39. Rd7 Kh8 40. Qd5 h6 41. a4 Qe2 42. Bg1 Kh7 43. Qe6 f5 44. Rxe7 Rf6 45. Qxe5 Rg6 46. Rb2 1-0

[Event "GER-ch 75th"]
[Site "Hoeckendorf"]
[Date "2004.02.05"]
[Round "7"]
[White "Preiss, Martin"]
[Black "Enders, Peter"]
[Result "1/2-1/2"]
[WhiteElo "2304"]
[BlackElo "2478"]
[EventDate "2004.01.30"]
[PlyCount "45"]

1. c4 Nf6 2. g3 g6 3. Bg2 Bg7 4. Nc3 O-O 5. Nf3 d6 6. O-O e5 7. d3 Nc6 8. Bg5 h6 9. Bxf6 Bxf6 10. Rb1 Ne7 11. Nd5 Bg7 12. b4 c6 13. Nxe7+ Qxe7 14. b5 d5 15. Nd2 Be6 16. bxc6 bxc6 17. Qa4 Rac8 18. Qa6 Rc7 19. Rfc1 Rfc8 20. Rc2 f5 21. Rbc1 d4 22. Rb1 Rd8 23. Rcb2 1/2-1/2

[Event "GER-ch 75th"]
[Site "Hoeckendorf"]
[Date "2004.02.05"]
[Round "7"]
[White "Reich, Thomas"]
[Black "Riegler, Dieter"]
[Result "1-0"]
[WhiteElo "2408"]
[BlackElo "2182"]
[EventDate "2004.01.30"]
[PlyCount "77"]

1. d4 Nf6 2. c4 c5 3. d5 b5 4. Nd2 bxc4 5. e4 c3 6. bxc3 d6 7. c4 g6 8. Bb2 Bg7 9. Ngf3 O-O 10. Bd3 e5 11. h4 Nh5 12. g3 Qe8 13. Be2 f5 14. Ng5 Nf6 15. h5 h6 16. Ne6 Bxe6 17. dxe6 Nc6 18. hxg6 fxe4 19. Rh4 Qxe6 20. Nxe4 Nxe4 21. Rxe4 Nd4 22. Bxd4 cxd4 23. Bd3 Rab8 24. Rb1 Qf5 25. Qe2 Rxb1+ 26. Bxb1 Rb8 27. Bd3 Qg5 28. Kf1 Rb4 29. Kg2 Rb8 30. Rg4 Qf6 31. Be4 Kh8 32. Rh4 Qg5 33. Rh5 Qc1 34. Rf5 Qc3 35. Bd3 Qa5 36. Qf3 Qd8 37. Rf7 Qe8 38. Be4 a5 39. Qh5 1-0

[Event "GER-ch 75th"]
[Site "Hoeckendorf"]
[Date "2004.02.05"]
[Round "7"]
[White "Roeschlau, Bernd"]
[Black "Pohl, Walter"]
[Result "0-1"]
[WhiteElo "2295"]
[BlackElo "2217"]
[EventDate "2004.01.30"]
[PlyCount "154"]

1. e4 c5 2. Nf3 Nc6 3. d4 cxd4 4. Nxd4 Nf6 5. Nc3 e5 6. Ndb5 d6 7. Bg5 a6 8. Bxf6 gxf6 9. Na3 b5 10. Nd5 f5 11. c3 Bg7 12. exf5 Bxf5 13. Nc2 O-O 14. Nce3 Be6 15. Bd3 f5 16. O-O Rb8 17. Bc2 a5 18. a3 Qd7 19. a4 b4 20. g4 fxg4 21. f3 gxf3 22. Rxf3 Rxf3 23. Qxf3 Qf7 24. Bf5 bxc3 25. bxc3 Ne7 26. Nxe7+ Qxe7 27. Qg4 Bxf5 28. Nxf5 Qa7+ 29. Kg2 Rb2+ 30. Kh3 Rf2 31. Rb1 h6 32. Qg6 Rf3+ 33. Kg4 Rf4+ 34. Kh5 Rxf5+ 35. Qxf5 Qf7+ 36. Qxf7+ Kxf7 37. Rb7+ Kf6 38. c4 e4 39. Kg4 Kg6 40. Rb5 Be5 41. h3 h5+ 42. Kh4 Kf5 43. c5 dxc5 44. Rxa5 c4 45. Rb5 e3 46. a5 e2 47. Rb1 Ke4 48. a6 Bd4 49. Kxh5 Kd3 50. Kg4 Kd2 51. Kf3 e1=Q 52. Rxe1 Kxe1 53. Ke4 Ba7 54. h4 Kd2 55. h5 c3 56. h6 c2 57. h7 Bd4 58. Kxd4 c1=Q 59. a7 Qc8 60. Ke4 Ke2 61. Kf4 Qe8 62. Kg5 Kf3 63. Kf6 Kf4 64. Kg7 Qe7+ 65. Kg8 Qd8+ 66. Kg7 Qc7+ 67. Kg8 Qc8+ 68. Kg7 Qb7+ 69. Kg8 Qa8+ 70. Kg7 Qxa7+ 71. Kg8 Qb8+ 72. Kg7 Qc7+ 73. Kg8 Qd8+ 74. Kg7 Qe7+ 75. Kg8 Kf5 76. h8=Q Kg6 77. Qf6+ Kxf6 0-1

[Event "GER-ch 75th"]
[Site "Hoeckendorf"]
[Date "2004.02.05"]
[Round "7"]
[White "Schebler, Gerhard"]
[Black "Wegener, Olaf"]
[Result "1-0"]
[WhiteElo "2480"]
[BlackElo "2404"]
[EventDate "2004.01.30"]
[PlyCount "55"]

1. Nf3 Nf6 2. d4 e6 3. g3 d5 4. Bg2 b5 5. a4 b4 6. c4 bxc3 7. Nxc3 Nbd7 8. O-O Be7 9. Bf4 a6 10. Qc2 Bb7 11. b4 Bxb4 12. Rfb1 a5 13. Na2 c5 14. dxc5 Rc8 15. Nxb4 axb4 16. Bd6 Ne4 17. Qb2 f6 18. Qxb4 Ndxc5 19. Bxc5 Nxc5 20. Nd4 Qe7 21. Bh3 f5 22. Ra3 Ba6 23. Re3 g6 24. Nxe6 Nxe6 25. Qb6 Kf7 26. Qxa6 d4 27. Rxe6 Qxe6 28. Rb7+ 1-0

[Event "GER-ch 75th"]
[Site "Hoeckendorf"]
[Date "2004.02.05"]
[Round "7"]
[White "Scheerer, Christoph"]
[Black "Bindrich, Falko"]
[Result "1-0"]
[WhiteElo "2409"]
[BlackElo "2308"]
[EventDate "2004.01.30"]
[PlyCount "33"]

1. e4 c5 2. c3 d5 3. exd5 Qxd5 4. d4 Nf6 5. Nf3 Bg4 6. dxc5 Qxc5 7. Na3 a6 8. Be3 Qc7 9. Qa4+ Nbd7 10. O-O-O Rc8 11. Be2 e5 12. Rhe1 Be6 13. Ng5 Bxa2 14. Nb5 axb5 15. Qxa2 Nb8 16. Bxb5+ Nc6 17. Bb6 1-0

[Event "GER-ch 75th"]
[Site "Hoeckendorf"]
[Date "2004.02.05"]
[Round "7"]
[White "Scherer, Max"]
[Black "Dausch, Rene"]
[Result "1-0"]
[WhiteElo "2285"]
[BlackElo "2331"]
[EventDate "2004.01.30"]
[PlyCount "71"]

1. c4 e5 2. g3 Nf6 3. Bg2 c6 4. d4 exd4 5. Qxd4 d5 6. cxd5 cxd5 7. Bg5 Nc6 8. Qh4 Nb4 9. Kf1 Qa5 10. Bxf6 gxf6 11. Qxf6 Rg8 12. Nc3 Be6 13. Nh3 Rg4 14. Qf3 Rd4 15. Nf4 Bg7 16. Rc1 Rc8 17. Nxe6 fxe6 18. Bh3 Rc6 19. Kg2 Rdc4 20. Qh5+ Kf8 21. a3 Na6 22. e4 Qd8 23. exd5 exd5 24. Rcd1 d4 25. Rhe1 Nc7 26. Ne4 h6 27. b3 Rc2 28. Bf5 Qd5 29. Qf3 Qf7 30. b4 Rb2 31. Nc5 Nd5 32. Re6 Ne3+ 33. Rxe3 dxe3 34. Rd8+ Ke7 35. Rd7+ Ke8 36. Qxe3+ 1-0

[Event "GER-ch 75th"]
[Site "Hoeckendorf"]
[Date "2004.02.05"]
[Round "7"]
[White "Schurade, Matthias"]
[Black "Muse, Mladen"]
[Result "1/2-1/2"]
[WhiteElo "2370"]
[BlackElo "2452"]
[EventDate "2004.01.30"]
[PlyCount "40"]

1. e4 c5 2. Nf3 d6 3. d4 cxd4 4. Nxd4 Nf6 5. Nc3 Nc6 6. Be3 Ng4 7. Bb5 Nxe3 8. Nxc6 Nxd1 9. Nxd8+ Kxd8 10. Rxd1 e6 11. O-O a6 12. Be2 Kc7 13. f4 Be7 14. e5 f5 15. exf6 Bxf6 16. Ne4 Be7 17. Rf3 Bd7 18. Rc3+ Bc6 19. Bg4 Raf8 20. g3 Bf6 1/2-1/2

[Event "GER-ch 75th"]
[Site "Hoeckendorf"]
[Date "2004.02.05"]
[Round "7"]
[White "Tischbierek, Raj"]
[Black "Breutigam, Martin"]
[Result "0-1"]
[WhiteElo "2507"]
[BlackElo "2409"]
[EventDate "2004.01.30"]
[PlyCount "160"]

1. e4 e6 2. d4 d5 3. Nc3 Nf6 4. Bg5 dxe4 5. Nxe4 Be7 6. Bxf6 gxf6 7. Nf3 a6 8. c4 f5 9. Nc3 Bf6 10. Be2 Nc6 11. d5 Ne7 12. Qb3 c6 13. Rd1 cxd5 14. cxd5 exd5 15. O-O O-O 16. Nxd5 Nxd5 17. Rxd5 Qe7 18. Rd2 b5 19. Re1 Be6 20. Qe3 Bxa2 21. Qh6 Be6 22. Bd3 Bg7 23. Qh5 Qf6 24. Rde2 Qg6 25. Qh4 Rfd8 26. Bb1 Bf6 27. Qf4 Qg4 28. Qc7 Qc4 29. Qg3+ Kh8 30. h3 Rg8 31. Qd6 Qd5 32. Qf4 Rac8 33. Rd2 Rc4 34. Qh6 Bg7 35. Qh5 Qb7 36. Ba2 Bf6 37. Bxc4 bxc4 38. Re3 f4 39. Rc3 Bxc3 40. bxc3 Qb1+ 41. Kh2 Qg6 42. Qxg6 hxg6 43. Ra2 Ra8 44. Ra5 Kg7 45. Nd4 Kf6 46. Nc2 Ke7 47. Nb4 Bc8 48. Nd5+ Kd8 49. Nb6 Ra7 50. Nxc4 Be6 51. Na3 Bc8 52. Nc4 Be6 53. Na3 Kc7 54. Ra4 Kb6 55. Rxf4 Rc7 56. Nb1 a5 57. Ra4 Bb3 58. Ra1 a4 59. g4 Ka5 60. h4 Bc2 61. Na3 Rxc3 62. Rc1 Rxa3 63. Rxc2 Rb3 64. Rc7 Kb6 65. Rxf7 a3 66. Rf8 Rb5 67. Ra8 Ra5 68. Rb8+ Kc5 69. Rb1 a2 70. Ra1 Kc4 71. Kg3 Kb3 72. h5 gxh5 73. gxh5 Rxh5 74. f4 Kb2 75. Rf1 Ra5 76. Kg4 a1=Q 77. Rxa1 Rxa1 78. f5 Kc3 79. f6 Rf1 80. Kg5 Kd4 0-1

[Event "GER-ch 75th"]
[Site "Hoeckendorf"]
[Date "2004.02.06"]
[Round "8"]
[White "Bindrich, Falko"]
[Black "Giessmann, Stephan"]
[Result "1-0"]
[WhiteElo "2308"]
[BlackElo "2287"]
[EventDate "2004.01.30"]
[PlyCount "145"]

1. e4 e6 2. d4 d5 3. Nc3 Bb4 4. e5 c5 5. a3 Bxc3+ 6. bxc3 Ne7 7. Nf3 Bd7 8. dxc5 Bc6 9. Bd3 Nd7 10. a4 Nxc5 11. Ba3 Nxa4 12. Qd2 h6 13. O-O Nb6 14. Qe2 Nc4 15. Bxc4 dxc4 16. Rfd1 Bd5 17. Nd4 O-O 18. f4 Re8 19. Rab1 a6 20. Qg4 Nc6 21. Ne2 b5 22. Ng3 Kh8 23. Bc5 Rg8 24. Ra1 a5 25. Kh1 b4 26. Ne4 Bxe4 27. Rxd8 Rgxd8 28. Qe2 Bd5 29. Kg1 Rdb8 30. Bd6 Rc8 31. Rd1 bxc3 32. Qe3 Nb4 33. Qxc3 Be4 34. Rd4 Nd5 35. Qd2 c3 36. Qf2 Bh7 37. g4 Nb4 38. f5 exf5 39. gxf5 Nc6 40. Rc4 Nb4 41. Rxc8+ Rxc8 42. e6 f6 43. Kf1 Rd8 44. e7 Re8 45. Qc5 Bg8 46. Qxc3 Nd5 47. Qc5 a4 48. c4 Nc3 49. Qd4 Nb1 50. Ke1 a3 51. Qa1 Bxc4 52. Bxa3 Nxa3 53. Qxa3 Kg8 54. Kd2 Kf7 55. Kc3 Rxe7 56. Kxc4 Re5 57. Qf3 Kg8 58. Qa8+ Kf7 59. Qb7+ Kf8 60. Qc8+ Kf7 61. Kd4 Re8 62. Qc4+ Kf8 63. Kc5 Re5+ 64. Kd6 Re7 65. Qb4 Kf7 66. Qb8 Re5 67. Qc7+ Kf8 68. Qd8+ Kf7 69. Qc8 Re7 70. Qc4+ Kf8 71. Qg4 Kf7 72. Qxg7+ Kxg7 73. Kxe7 1-0

[Event "GER-ch 75th"]
[Site "Hoeckendorf"]
[Date "2004.02.06"]
[Round "8"]
[White "Budde, Vladimir"]
[Black "Roeschlau, Bernd"]
[Result "1-0"]
[WhiteElo "2309"]
[BlackElo "2295"]
[EventDate "2004.01.30"]
[PlyCount "43"]

1. e4 c5 2. Ne2 d6 3. d4 cxd4 4. Nxd4 Nf6 5. Nc3 a6 6. Bc4 e6 7. Bb3 Nbd7 8. f4 Nc5 9. e5 Nfd7 10. exd6 Nf6 11. Qf3 Bxd6 12. Be3 e5 13. fxe5 Nxb3 14. exf6 Nxa1 15. Qe4+ Kd7 16. fxg7 Re8 17. Qf5+ Kc7 18. Qxf7+ Bd7 19. Nd5+ Kb8 20. O-O Bc6 21. Nxc6+ bxc6 22. Nf6 1-0

[Event "GER-ch 75th"]
[Site "Hoeckendorf"]
[Date "2004.02.06"]
[Round "8"]
[White "Dausch, Rene"]
[Black "Degtiarev, Evgeny"]
[Result "1/2-1/2"]
[WhiteElo "2331"]
[BlackElo "2281"]
[EventDate "2004.01.30"]
[PlyCount "101"]

1. g3 Nf6 2. Bg2 e5 3. c4 Nc6 4. Nc3 Bc5 5. e3 d5 6. cxd5 Nb4 7. d3 Nbxd5 8. Nge2 Nxc3 9. bxc3 O-O 10. O-O c6 11. d4 Bd6 12. dxe5 Bxe5 13. Ba3 Re8 14. Qxd8 Rxd8 15. Nd4 Nd5 16. Rfc1 Nb6 17. Rab1 Bd7 18. Be7 Re8 19. Ba3 h5 20. h4 g6 21. Rb3 Bxd4 22. cxd4 Be6 23. Rbb1 Nc4 24. Bc5 b6 25. Bb4 a5 26. Bxc6 axb4 27. Rxb4 Nd6 28. Bxe8 Rxe8 29. Rxb6 Ne4 30. a4 Ra8 31. Ra1 Nd2 32. a5 Nf3+ 33. Kf1 Bc4+ 34. Kg2 Bd5 35. a6 Ra7 36. Ra5 Be4 37. d5 Ne5+ 38. f3 Bxf3+ 39. Kf2 Rc7 40. e4 Rc2+ 41. Ke3 Re2+ 42. Kd4 Rxe4+ 43. Kc3 Re3+ 44. Kb4 Re4+ 45. Kb3 Re3+ 46. Ka2 Nc4 47. Rb8+ Kg7 48. a7 Bxd5 49. Rxd5 Ra3+ 50. Kb1 Rxa7 51. Rb3 1/2-1/2

[Event "GER-ch 75th"]
[Site "Hoeckendorf"]
[Date "2004.02.06"]
[Round "8"]
[White "Enders, Peter"]
[Black "Pohl, Walter"]
[Result "1-0"]
[WhiteElo "2478"]
[BlackElo "2217"]
[EventDate "2004.01.30"]
[PlyCount "89"]

1. e4 c5 2. Nf3 Nc6 3. d4 cxd4 4. Nxd4 Nf6 5. Nc3 e5 6. Ndb5 d6 7. Bg5 a6 8. Na3 b5 9. Bxf6 gxf6 10. Nd5 Bg7 11. Bd3 Ne7 12. Nxe7 Qxe7 13. c3 f5 14. Nc2 Qb7 15. f3 f4 16. O-O O-O 17. Kh1 Be6 18. Nb4 Kh8 19. Qd2 Rab8 20. Rfd1 a5 21. Nd5 Bxd5 22. exd5 f5 23. Qc2 e4 24. fxe4 fxe4 25. Bxe4 Be5 26. Bf3 b4 27. Rac1 Rfc8 28. Qf5 bxc3 29. bxc3 Qg7 30. c4 Qg6 31. Qe6 Rc5 32. Re1 Re8 33. Qd7 Rec8 34. Be4 Qg7 35. Qh3 Rb8 36. Rb1 Rbc8 37. Bd3 R5c7 38. Rb7 Rf8 39. Rxc7 Qxc7 40. c5 Rf7 41. c6 Qa7 42. Rb1 f3 43. gxf3 Rg7 44. Bxh7 Bb2 45. Bf5+ 1-0

[Event "GER-ch 75th"]
[Site "Hoeckendorf"]
[Date "2004.02.06"]
[Round "8"]
[White "Gutman, Lev"]
[Black "Scherer, Max"]
[Result "1-0"]
[WhiteElo "2497"]
[BlackElo "2285"]
[EventDate "2004.01.30"]
[PlyCount "95"]

1. Nf3 c5 2. g3 g6 3. Bg2 Bg7 4. O-O Nf6 5. Nc3 Nc6 6. a3 O-O 7. Rb1 a5 8. a4 d5 9. d3 e5 10. Bg5 h6 11. Bxf6 Bxf6 12. Nd2 Nb4 13. e4 d4 14. Nd5 Bg7 15. c3 Nxd5 16. exd5 Bf5 17. Nc4 Ra6 18. Re1 Re8 19. cxd4 cxd4 20. Qb3 Qd7 21. Rbc1 h5 22. Rc2 Kh7 23. d6 Ra7 24. Na3 Qxd6 25. Nb5 Be6 26. Nxd6 Bxb3 27. Rc7 Rf8 28. Ra1 Kg8 29. Nb5 Ra6 30. Rxb7 Bc2 31. Be4 f5 32. Bd5+ Kh8 33. Rc1 Rc8 34. Rc7 Rxc7 35. Nxc7 Bxd3 36. Nxa6 Bxa6 37. Rc5 Be2 38. Rxa5 d3 39. Bc4 e4 40. Rd5 Bh6 41. a5 Bf3 42. a6 e3 43. a7 Bxd5 44. Bxd5 e2 45. a8=Q+ Kg7 46. Qg8+ Kf6 47. Qe6+ Kg5 48. f4+ 1-0

[Event "GER-ch 75th"]
[Site "Hoeckendorf"]
[Date "2004.02.06"]
[Round "8"]
[White "Heck, Norbert"]
[Black "Muse, Mladen"]
[Result "0-1"]
[WhiteElo "2308"]
[BlackElo "2452"]
[EventDate "2004.01.30"]
[PlyCount "188"]

1. Nf3 c5 2. c4 g6 3. g3 Bg7 4. Bg2 Nc6 5. Nc3 e6 6. O-O Nge7 7. d3 O-O 8. Rb1 b6 9. a3 Bb7 10. Bd2 d6 11. b4 Qd7 12. Qc1 Nf5 13. Re1 Ncd4 14. Nxd4 cxd4 15. Ne4 Rac8 16. Qd1 h6 17. Bc1 d5 18. cxd5 exd5 19. Nd2 Bc6 20. Qb3 Nd6 21. Bxd5 Ba4 22. Qa2 Nb5 23. Bb3 Nc3 24. Bxa4 b5 25. Bxb5 Qxb5 26. a4 Qh5 27. Qb3 Nxb1 28. Qxb1 Rfe8 29. f3 Re6 30. Nc4 Rce8 31. Qc2 a6 32. Ba3 Bf8 33. Qb2 Qd5 34. Kf2 Rb8 35. Qd2 Qd7 36. a5 Rb5 37. Qf4 Qd8 38. Rc1 Rh5 39. h4 Rf5 40. Qd2 Rc6 41. Nb6 Qc7 42. Rc4 Bd6 43. Rxc6 Qxc6 44. Nc4 Bb8 45. Bb2 Qc7 46. f4 Qd8 47. e3 g5 48. e4 Bxf4 49. gxf4 Rxf4+ 50. Ke1 Qf6 51. Qg2 Rxh4 52. Ne3 Qd6 53. Nf5 Qxb4+ 54. Kd1 Rf4 55. Nxd4 Qxa5 56. Ne2 Rh4 57. Qg1 Qa4+ 58. Kc1 Qc6+ 59. Kb1 Qd6 60. Nd4 Rf4 61. Qc1 Kh7 62. Qc3 Qf6 63. Qc4 Rf1+ 64. Ka2 Rf2 65. Nc2 Qe6 66. Ne3 Qxc4+ 67. dxc4 Re2 68. Nd5 Kg6 69. Ne7+ Kh5 70. Nf5 Kg4 71. Nxh6+ Kf4 72. Nxf7 g4 73. c5 g3 74. c6 g2 75. c7 Rc2 76. c8=Q Rxc8 77. Bd4 Kxe4 78. Bb6 Rc6 79. Bg1 Rc7 80. Ng5+ Kf5 81. Nf3 Kg4 82. Ne5+ Kg3 83. Kb3 Rc1 84. Ba7 g1=Q 85. Bxg1 Rxg1 86. Nc6 Kf4 87. Nb4 Rb1+ 88. Ka4 Ra1+ 89. Kb3 Ke4 90. Nc2 Ra5 91. Nb4 Ke3 92. Nc6 Rc5 93. Nb4 a5 94. Na6 Rc6 0-1

[Event "GER-ch 75th"]
[Site "Hoeckendorf"]
[Date "2004.02.06"]
[Round "8"]
[White "Latzke, Boris Alexander"]
[Black "Preiss, Martin"]
[Result "0-1"]
[WhiteElo "2246"]
[BlackElo "2304"]
[EventDate "2004.01.30"]
[PlyCount "74"]

1. d4 f5 2. c4 Nf6 3. g3 e6 4. Bg2 c6 5. Nf3 d5 6. O-O Bd6 7. b3 Qe7 8. Bb2 b6 9. Nbd2 O-O 10. Ne5 Bb7 11. Ndf3 a5 12. Qc2 Na6 13. e3 Ne4 14. a3 Rfc8 15. Rfc1 c5 16. Qd1 Rd8 17. Qe2 Nb8 18. a4 Na6 19. Nd3 Nb4 20. Nfe5 Nxd3 21. Nxd3 Rac8 22. f3 Nf6 23. Ne5 Nd7 24. Bf1 cxd4 25. Nxd7 d3 26. Qxd3 Rxd7 27. Qe2 dxc4 28. Rxc4 Rxc4 29. bxc4 Bc5 30. Bd4 Rxd4 31. exd4 Bxd4+ 32. Kg2 Bxa1 33. c5 bxc5 34. Qa2 Bd4 35. Bc4 Kf7 36. Qc2 g6 37. Qb3 Bc6 0-1

[Event "GER-ch 75th"]
[Site "Hoeckendorf"]
[Date "2004.02.06"]
[Round "8"]
[White "Mainka, Romuald"]
[Black "Bastian, Herbert"]
[Result "1-0"]
[WhiteElo "2456"]
[BlackElo "2384"]
[EventDate "2004.01.30"]
[PlyCount "117"]

1. e4 e5 2. Nf3 Nc6 3. Bc4 Bc5 4. c3 Nf6 5. d3 a6 6. Bb3 O-O 7. h3 d5 8. exd5 Nxd5 9. O-O Nde7 10. Re1 Ng6 11. Ng5 h6 12. Qh5 hxg5 13. Qxg6 Na5 14. Qxg5 Nxb3 15. axb3 Qxd3 16. Qxe5 Bd6 17. Qe3 Qc2 18. Nd2 Bf5 19. b4 Rae8 20. Qxe8 Rxe8 21. Rxe8+ Kh7 22. Re1 Be6 23. Ne4 Be7 24. Bg5 Bd6 25. Nxd6 cxd6 26. Be3 Qg6 27. Kh2 Bd5 28. f3 Bb3 29. Re2 Qe6 30. Rae1 Bc4 31. Rd2 Qe5+ 32. Kg1 Be6 33. Bf2 Qg5 34. Rd4 d5 35. Kh2 Qf5 36. Re2 Qb1 37. Rdd2 Qf5 38. Bg3 Qb1 39. Re1 Qf5 40. Be5 Kg8 41. Ree2 Qb1 42. Rd4 Qf1 43. Rdd2 Qb1 44. Bd4 Qc1 45. Be3 Qb1 46. Bd4 Qc1 47. Be5 Qb1 48. Re3 Qf1 49. Rde2 Qb1 50. Bg3 Qf5 51. Re5 Qg6 52. f4 Qd3 53. Bf2 Kh7 54. Bd4 Kg8 55. R2e3 Qb1 56. f5 Bxf5 57. Re8+ Kh7 58. Rg3 Bg6 59. Rg4 1-0

[Event "GER-ch 75th"]
[Site "Hoeckendorf"]
[Date "2004.02.06"]
[Round "8"]
[White "Meister, Jakob [RUS]"]
[Black "Espig, Lutz"]
[Result "0-1"]
[WhiteElo "2488"]
[BlackElo "2429"]
[EventDate "2004.01.30"]
[PlyCount "112"]

1. e4 c5 2. Nf3 e6 3. c3 d5 4. e5 d4 5. cxd4 cxd4 6. Bb5+ Bd7 7. Bxd7+ Qxd7 8. d3 Nc6 9. O-O Nge7 10. Bf4 Nd5 11. Bg3 Bc5 12. Nbd2 Bb6 13. Qe2 O-O 14. Rfe1 Rac8 15. Ng5 h6 16. Nge4 Ba5 17. a3 Bxd2 18. Qxd2 Nce7 19. Nd6 Rc6 20. Re4 Nf5 21. Nxf5 exf5 22. Rxd4 Rfc8 23. h3 g5 24. Rf1 Rc2 25. Qa5 R8c5 26. Qxa7 Qc6 27. Qb8+ Kg7 28. e6 f4 29. Qe5+ Nf6 30. Qb8 Rc1 31. Bxf4 Rxf1+ 32. Kxf1 gxf4 33. Qxf4 Rc1+ 34. Ke2 Qxe6+ 35. Kf3 Qc6+ 36. Ke2 Rc2+ 37. Kd1 Rxb2 38. Rc4 Qe6 39. Qg3+ Kh7 40. Qf3 Qe5 41. d4 Qg5 42. Qd3+ Kg7 43. g3 Rxf2 44. Rc2 Rxc2 45. Kxc2 Qd5 46. g4 Qg2+ 47. Kb3 Qd5+ 48. Kb4 Qd6+ 49. Kb3 Qb6+ 50. Kc2 Nd5 51. Kc1 Qd6 52. Kb2 Qh2+ 53. Kb3 Nf4 54. Qf5 Qxh3+ 55. Kb4 Qe3 56. Kc4 Qe6+ 0-1

[Event "GER-ch 75th"]
[Site "Hoeckendorf"]
[Date "2004.02.06"]
[Round "8"]
[White "Reich, Thomas"]
[Black "Bauer, Eckart"]
[Result "1-0"]
[WhiteElo "2408"]
[BlackElo "2276"]
[EventDate "2004.01.30"]
[PlyCount "67"]

1. d4 f5 2. Nf3 Nf6 3. g3 g6 4. Bg2 Bg7 5. c4 d6 6. O-O O-O 7. Nc3 Qe8 8. b3 c6 9. Ba3 a5 10. Re1 b5 11. cxb5 cxb5 12. Ng5 Ra7 13. Nd5 b4 14. Bb2 Nxd5 15. Bxd5+ e6 16. Bg2 h6 17. Nf3 Bb7 18. a3 Na6 19. Qd2 g5 20. Rec1 Bd5 21. axb4 axb4 22. Ne1 Qa8 23. Qc2 Bxg2 24. Nxg2 Rff7 25. Qc4 Nc5 26. Rxa7 Rxa7 27. dxc5 Bxb2 28. Qxe6+ Kg7 29. Rf1 Ra1 30. Ne3 Rxf1+ 31. Nxf1 dxc5 32. Ne3 Qf8 33. Nxf5+ Kh7 34. g4 1-0

[Event "GER-ch 75th"]
[Site "Hoeckendorf"]
[Date "2004.02.06"]
[Round "8"]
[White "Stanke, Juergen"]
[Black "Schulz, Michael"]
[Result "1/2-1/2"]
[WhiteElo "2313"]
[BlackElo "2246"]
[EventDate "2004.01.30"]
[PlyCount "199"]

1. d4 Nf6 2. c4 c5 3. d5 e6 4. Nc3 exd5 5. cxd5 d6 6. Nf3 g6 7. g3 Bg7 8. Bg2 O-O 9. O-O Re8 10. Nd2 b6 11. Re1 Ba6 12. a4 Re7 13. Qc2 Bb7 14. Nc4 Na6 15. Bf4 Nb4 16. Qd2 Ba6 17. b3 Bxc4 18. bxc4 h6 19. Qd1 Ng4 20. Bd2 Ne5 21. Qb3 f5 22. Rad1 Qd7 23. Nb5 a6 24. Na3 a5 25. Nb5 Rae8 26. h3 Nf7 27. e3 Ng5 28. Bc3 Ne4 29. Bxg7 Kxg7 30. Kh2 Kh7 31. f3 Nf6 32. Qc3 Rf7 33. Re2 Nh5 34. Rde1 Rfe7 35. f4 Ng7 36. Bf3 h5 37. h4 Qd8 38. Kg2 Re4 39. Kf2 Qd7 40. Rg1 Qe7 41. Bxe4 fxe4 42. Ke1 Nf5 43. Kd2 Nh6 44. Qa1 Rf8 45. Qb1 Re8 46. Nc3 Kg7 47. Nd1 Qd7 48. Qa1+ Kf7 49. Nf2 Qf5 50. Kc3 Ra8 51. Qb1 Re8 52. Rd2 Kg8 53. Kb3 Kf7 54. Qd1 Ng4 55. Nxg4 hxg4 56. Qa1 Rg8 57. Rh1 Rg7 58. Rdh2 Rh7 59. Qb1 Rh5 60. Kc3 Rh7 61. Kd2 Rh5 62. Qa1 Qf6 63. Qb1 Qf5 64. Rf1 Rh7 65. Ke2 Kg7 66. Rfh1 Rh5 67. Kf2 Kf7 68. Kg2 Rh7 69. Rd1 Rh5 70. Rd2 Rh7 71. Rb2 Kg7 72. Kg1 Kf7 73. Rb3 Ke7 74. Qd1 Kf7 75. Rb1 Rh8 76. Rhb2 Ra8 77. Ra1 Kg7 78. Qb1 Kf7 79. Ra3 Kg7 80. Qa1 Qf6 81. Rab3 Kf7 82. Qd1 Qf5 83. Ra3 Kg7 84. Rd2 Kf7 85. Rb3 Kg7 86. Rbb2 Kf7 87. Qa1 Qf6 88. Qb1 Qf5 89. Rd1 Kg7 90. Rf1 Kf7 91. Qa1 Kg8 92. Rh2 Ra7 93. Kg2 Rh7 94. Rfh1 Rh5 95. Rb1 Rh7 96. h5 gxh5 97. Rh4 Kf7 98. Rb2 Qf6 99. Qb1 Qf5 100. Ra2 1/2-1/2

[Event "GER-ch 75th"]
[Site "Hoeckendorf"]
[Date "2004.02.06"]
[Round "8"]
[White "Stern, Rene"]
[Black "Tischbierek, Raj"]
[Result "1-0"]
[WhiteElo "2489"]
[BlackElo "2507"]
[EventDate "2004.01.30"]
[PlyCount "77"]

1. d4 Nf6 2. c4 e6 3. Nf3 b6 4. Nc3 Bb4 5. Qb3 c5 6. Bg5 h6 7. Bh4 Bb7 8. a3 Ba5 9. dxc5 Bxf3 10. gxf3 Nc6 11. O-O-O bxc5 12. e3 Rb8 13. Qc2 Bc7 14. Nb5 a6 15. Nxc7+ Qxc7 16. Bg3 e5 17. f4 d6 18. Bg2 Rb6 19. Qa4 Nd7 20. fxe5 Ndxe5 21. Bxe5 dxe5 22. Rd5 O-O 23. Rxc5 e4 24. Bxe4 Qe7 25. Rxc6 Qxe4 26. Rxb6 Qxh1+ 27. Qd1 Qxh2 28. Qe2 h5 29. Rb3 Re8 30. Rd3 h4 31. Qf3 Qe5 32. Rd4 Qg5 33. Qg4 Qa5 34. Qxh4 Qe1+ 35. Rd1 Qe2 36. Rd8 Rxd8 37. Qxd8+ Kh7 38. Qd2 Qf1+ 39. Qd1 1-0

[Event "GER-ch 75th"]
[Site "Hoeckendorf"]
[Date "2004.02.06"]
[Round "8"]
[White "Thinius, Marco"]
[Black "Schurade, Matthias"]
[Result "1/2-1/2"]
[WhiteElo "2387"]
[BlackElo "2370"]
[EventDate "2004.01.30"]
[PlyCount "48"]

1. e4 c5 2. Nf3 d6 3. d4 cxd4 4. Nxd4 Nf6 5. Nc3 a6 6. Be2 e5 7. Nb3 Be7 8. O-O Be6 9. f4 Qc7 10. f5 Bc4 11. Bg5 Nbd7 12. a4 O-O 13. Bxc4 Qxc4 14. a5 Rac8 15. Ra4 Qc6 16. Bxf6 Nxf6 17. Qd3 Rfd8 18. Rd1 b5 19. axb6 Qxb6+ 20. Kh1 Ng4 21. Rf1 Nf2+ 22. Rxf2 Qxf2 23. Ra1 d5 24. Rf1 Rxc3 1/2-1/2

[Event "GER-ch 75th"]
[Site "Hoeckendorf"]
[Date "2004.02.06"]
[Round "8"]
[White "Voigt, Roland"]
[Black "Ott, Frank"]
[Result "0-1"]
[WhiteElo "2381"]
[BlackElo "2313"]
[EventDate "2004.01.30"]
[PlyCount "74"]

1. e4 c5 2. Nf3 d6 3. d4 cxd4 4. Nxd4 Nf6 5. Nc3 a6 6. Bg5 e6 7. f4 h6 8. Bh4 Be7 9. Qf3 Qc7 10. O-O-O Nbd7 11. Bd3 g5 12. fxg5 Ne5 13. Qe2 Nfg4 14. Nf3 Nxf3 15. gxf3 hxg5 16. Bg3 Ne5 17. h4 gxh4 18. f4 Nxd3+ 19. Qxd3 Bd7 20. f5 O-O-O 21. f6 Bxf6 22. Bxd6 Qa5 23. Qe3 Bc6 24. Qa7 Rxd6 25. Rxd6 Bxc3 26. Rxc6+ bxc6 27. Qa8+ Kd7 28. Qb7+ Kd6 29. Rd1+ Ke5 30. bxc3 Rd8 31. Rg1 Qxc3 32. Qc7+ Rd6 33. Kb1 Qb4+ 34. Kc1 Qa3+ 35. Kb1 Qb4+ 36. Kc1 Qd4 37. Rg5+ Kf4 0-1

[Event "GER-ch 75th"]
[Site "Hoeckendorf"]
[Date "2004.02.06"]
[Round "8"]
[White "Wegener, Olaf"]
[Black "Scheerer, Christoph"]
[Result "1-0"]
[WhiteElo "2404"]
[BlackElo "2409"]
[EventDate "2004.01.30"]
[PlyCount "115"]

1. e4 Nc6 2. Nf3 Nf6 3. e5 Ng4 4. d4 d6 5. h3 Nh6 6. Nc3 dxe5 7. d5 Nb8 8. Nxe5 Nf5 9. Bf4 a6 10. g4 Nd6 11. Qd4 f6 12. Nd3 e5 13. dxe6 Nc6 14. Qd5 Qe7 15. Nc5 Nb5 16. Nxb5 axb5 17. Be3 Nd8 18. Bd3 g6 19. O-O c6 20. Qf3 Nxe6 21. b4 Kf7 22. c4 h5 23. g5 Nxc5 24. bxc5 bxc4 25. Bxc4+ Be6 26. gxf6 Qe8 27. Bxe6+ Qxe6 28. Rab1 Rh7 29. Rxb7+ Kg8 30. Rfb1 Qxa2 31. Qxc6 Ra6 32. R1b6 Rxb7 33. Rxa6 Qb1+ 34. Kg2 Rf7 35. Rb6 Qa2 36. Qe4 Kh7 37. Rb7 Rxb7 38. Qxb7+ Kg8 39. Qe4 Kf7 40. Bd4 Qb3 41. Qf3 Qe6 42. Qb7+ Kg8 43. Qa8 Kf7 44. Qf3 h4 45. Qb7+ Kg8 46. Qa8 Qf5 47. Qa2+ Kh8 48. Qc4 Bh6 49. f7+ Kh7 50. Bb2 Qg5+ 51. Kf1 Qf5 52. Qc3 Qb1+ 53. Kg2 Qe4+ 54. Kg1 Qb1+ 55. Kg2 Qe4+ 56. Qf3 Qc2 57. Bd4 g5 58. Be3 1-0

[Event "GER-ch 75th"]
[Site "Hoeckendorf"]
[Date "2004.02.07"]
[Round "9"]
[White "Bastian, Herbert"]
[Black "Bindrich, Falko"]
[Result "1-0"]
[WhiteElo "2384"]
[BlackElo "2308"]
[EventDate "2004.01.30"]
[PlyCount "55"]

1. e4 c5 2. Nc3 Nc6 3. g3 g6 4. Bg2 Bg7 5. d3 d6 6. Be3 Rb8 7. Qd2 b5 8. Nge2 b4 9. Nd1 Nd4 10. O-O e5 11. c3 bxc3 12. bxc3 Nxe2+ 13. Qxe2 Ne7 14. f4 exf4 15. Bxf4 O-O 16. Qd2 Nc6 17. Bh6 Be6 18. Bxg7 Kxg7 19. Ne3 Qa5 20. Nf5+ gxf5 21. exf5 Ne5 22. Qg5+ Ng6 23. fxg6 hxg6 24. Qf6+ Kg8 25. Rae1 Rbe8 26. Bc6 Rc8 27. Rxe6 Rxc6 28. Re8 1-0